A magyar zárhangok története

Elmentve itt :
Bibliográfiai részletek
Szerző: Fekete Antónia
Dokumentumtípus: Könyv
Megjelent: Városi nyomda és Könyvkiadó Szeged, Magyarország 1927
Kulcsszavak:Fonetika - magyar, Nyelvtörténet - magyar - tanulmányok
Tárgyszavak:
Online Access:http://misc.bibl.u-szeged.hu/57926
LEADER 00703nam a2200193 i 4500
001 misc57926
005 20210527190711.0
008 210527s1927 hu o 0|| hun d
040 |a SZTE Miscellanea Repozitórium  |b hun 
041 |a hun 
100 1 |a Fekete Antónia 
245 1 2 |a A magyar zárhangok története  |h [elektronikus dokumentum] /  |c  Fekete Antónia 
260 |a Városi nyomda és Könyvkiadó  |b Szeged, Magyarország  |c 1927 
300 |a 39 p.  |c 23 cm 
650 4 |a Bölcsészettudományok 
650 4 |a Nyelvek és irodalom 
650 4 |a Nyelvészet 
695 |a Fonetika - magyar, Nyelvtörténet - magyar - tanulmányok 
856 4 0 |u http://misc.bibl.u-szeged.hu/57926/1/xb_57500.pdf  |z Dokumentum-elérés